<?xml version="1.0" encoding="UTF-8"?><?xml-stylesheet type="text/xsl" href="static/style.xsl"?><OAI-PMH xmlns="http://www.openarchives.org/OAI/2.0/" xmlns:xsi="http://www.w3.org/2001/XMLSchema-instance" xsi:schemaLocation="http://www.openarchives.org/OAI/2.0/ http://www.openarchives.org/OAI/2.0/OAI-PMH.xsd"><responseDate>2026-04-13T11:25:21Z</responseDate><request verb="GetRecord" identifier="oai:www.recercat.cat:2117/395572" metadataPrefix="marc">https://recercat.cat/oai/request</request><GetRecord><record><header><identifier>oai:recercat.cat:2117/395572</identifier><datestamp>2026-01-21T02:35:02Z</datestamp><setSpec>com_2072_1033</setSpec><setSpec>col_2072_452949</setSpec></header><metadata><record xmlns="http://www.loc.gov/MARC21/slim" xmlns:dcterms="http://purl.org/dc/terms/" xmlns:xsi="http://www.w3.org/2001/XMLSchema-instance" xmlns:doc="http://www.lyncode.com/xoai" xsi:schemaLocation="http://www.loc.gov/MARC21/slim http://www.loc.gov/standards/marcxml/schema/MARC21slim.xsd">
   <leader>00925njm 22002777a 4500</leader>
   <datafield ind2=" " ind1=" " tag="042">
      <subfield code="a">dc</subfield>
   </datafield>
   <datafield ind2=" " ind1=" " tag="720">
      <subfield code="a">Arnaiz Eguren, Ignacio</subfield>
      <subfield code="e">author</subfield>
   </datafield>
   <datafield ind2=" " ind1=" " tag="720">
      <subfield code="a">Arnaiz Schmitz, Cecilia</subfield>
      <subfield code="e">author</subfield>
   </datafield>
   <datafield ind2=" " ind1=" " tag="260">
      <subfield code="c">2022</subfield>
   </datafield>
   <datafield ind2=" " ind1=" " tag="520">
      <subfield code="a">Geographic information systems (GIS) are increasingly necessary. The Land and Urban Rehabilitation Law requires the publication of urban data digitally. To date, most of the 8,000 Spanish municipalities comply with the Law by publishing their urban plans in PDF format, but very few publish urban data using interactive systems, despite the fact that most Communities have Technical Standards that require plans digital. The Urban Map of Spain is a Geoportal with a catalog of planning WEB services to display, on a continuous map, information from neighboring administrations, or superimpose maps of institutions that share a territory, applying transparencies, divided screens or curtains, in order to be able to compare them. This highlights the lack of homogeneity in the information published, the low percentage of municipalities that do so, and the need to implement common criteria to obtain verifiable information.</subfield>
   </datafield>
   <datafield ind2=" " ind1=" " tag="520">
      <subfield code="a">Los SIG han ganado protagonismo en las últimas décadas. La Ley de Suelo y Rehabilitación Urbana obliga a publicar los datos urbanísticos de forma digital. Hasta el momento, la mayoría de los 8.000 municipios españoles cumple la Ley publicando sus planes urbanísticos en formato PDF, pero son muy pocos los que publican datos urbanísticos utilizando sistemas interactivos, a pesar de que la mayoría de las Comunidades tienen Normas Técnicas que exigen planes digitales. El Mapa urbanístico de España es un Geoportal con un catálogo de servicios WEB de planeamiento para visualizar, en un mapa continuo, informaciones procedentes de administraciones colindantes, o superponer mapas de instituciones que comparten un territorio, aplicando transparencias, pantallas divididas o cortinillas, para poder compararlos. Con ello pone de manifiesto la falta de homogeneidad en la información publicada, el bajo porcentaje de municipios que lo hacen y la necesidad de implementar criterios comunes para lograr información contrastable.</subfield>
   </datafield>
   <datafield ind2=" " ind1=" " tag="520">
      <subfield code="a">Peer Reviewed</subfield>
   </datafield>
   <datafield tag="653" ind2=" " ind1=" ">
      <subfield code="a">Àrees temàtiques de la UPC::Urbanisme</subfield>
   </datafield>
   <datafield tag="653" ind2=" " ind1=" ">
      <subfield code="a">Àrees temàtiques de la UPC::Enginyeria civil::Geomàtica</subfield>
   </datafield>
   <datafield tag="653" ind2=" " ind1=" ">
      <subfield code="a">Spain -- Maps</subfield>
   </datafield>
   <datafield tag="653" ind2=" " ind1=" ">
      <subfield code="a">Geographic information systems</subfield>
   </datafield>
   <datafield tag="653" ind2=" " ind1=" ">
      <subfield code="a">City planning -- Spain</subfield>
   </datafield>
   <datafield tag="653" ind2=" " ind1=" ">
      <subfield code="a">Territorio digital</subfield>
   </datafield>
   <datafield tag="653" ind2=" " ind1=" ">
      <subfield code="a">Mapas web</subfield>
   </datafield>
   <datafield tag="653" ind2=" " ind1=" ">
      <subfield code="a">Catálogo web</subfield>
   </datafield>
   <datafield tag="653" ind2=" " ind1=" ">
      <subfield code="a">GIS</subfield>
   </datafield>
   <datafield tag="653" ind2=" " ind1=" ">
      <subfield code="a">Digital territory</subfield>
   </datafield>
   <datafield tag="653" ind2=" " ind1=" ">
      <subfield code="a">Web maps</subfield>
   </datafield>
   <datafield tag="653" ind2=" " ind1=" ">
      <subfield code="a">Web catalog</subfield>
   </datafield>
   <datafield tag="653" ind2=" " ind1=" ">
      <subfield code="a">Espanya -- Mapes</subfield>
   </datafield>
   <datafield tag="653" ind2=" " ind1=" ">
      <subfield code="a">Sistemes d'informació geogràfica</subfield>
   </datafield>
   <datafield tag="653" ind2=" " ind1=" ">
      <subfield code="a">Urbanisme -- Espanya</subfield>
   </datafield>
   <datafield ind2="0" ind1="0" tag="245">
      <subfield code="a">Mapa urbanístico de España: geoportal de servicios abiertos de mapas de urbanismo publicados en España</subfield>
   </datafield>
</record></metadata></record></GetRecord></OAI-PMH>